000 00448nam a22001697a 4500
003 OSt
005 20250515095156.0
008 250515b |||||||| |||| 00| 0 eng d
020 _a978-0-85725-685-0
040 _cCHUKA UNIVERSITY LIBRARY
050 _aLB1139.35
_b.A53 2012
100 _aAndrew, Mandy
_918791
245 _aExploring Play for Early Childhood Studies
260 _aLondon
_bSAGA
_c2012
300 _avii,204p
942 _2lcc
_cBK
_n0
999 _c18939
_d18939